000
00280nam a2200109Ia 4500
008
201231s9999 xx 000 0 und d
100
_a
Bhattacharjea, Ajit
245
0
_a
Count down To Partition : The Final Days
260
_a
New Delhi
_b
Harper Collins
300
_a
112
942
_c
BK
999
_c
9736
_d
9736